| 000 | 00391nam a22001577a 4500 | ||
|---|---|---|---|
| 999 |
_c7979 _d7979 |
||
| 003 | OSt | ||
| 005 | 20190325141249.0 | ||
| 008 | 190325b ||||| |||| 00| 0 eng d | ||
| 040 | _cDLC | ||
| 082 |
_a494 _bH675A |
||
| 100 | _aHitching, Bob | ||
| 245 |
_aAliyum Silvanayum _cBy , Bob Hitching |
||
| 260 |
_aindia: _bNew Life Publication: _cc 1989 |
||
| 300 |
_a161 p.; _c20 cm |
||
| 942 |
_2ddc _cBK |
||